Congrés Català de la Cuina / Generalitat de Catalunya, Direcció General de Turisme
Publicado:
Barcelona :
Generalitat de Catalunya, Departament de Comerç i Turisme, Servei d'Informació, Documentació i Publicacions ,
1984
Descripción Física:
201 p. : il. ; 24 cm
Materias:
Cuina catalana -- Congressos
MARC
| LEADER | 00000nam a2200000Ia 4500 | ||
|---|---|---|---|
| 001 | 1268 | ||
| 008 | 160829s1984 xx 000 0 cat d | ||
| 080 | |a C-1-236 | ||
| 100 | |a Congrés Català de la Cuina (1r : 1981-1982) |9 36987 | ||
| 245 | |a Congrés Català de la Cuina / Generalitat de Catalunya, Direcció General de Turisme | ||
| 260 | |a Barcelona : |b Generalitat de Catalunya, Departament de Comerç i Turisme, Servei d'Informació, Documentació i Publicacions, |c 1984 | ||
| 300 | |a 201 p. : |b il. ; |c 24 cm | ||
| 650 | |a Cuina catalana |x Congressos |9 36988 | ||
| 710 | 1 | |a Catalunya. |b Direcció General de Turisme |9 51355 | |
| 901 | |a Arxiu | ||
| 942 | |n 1 | ||
| 952 | |0 0 |1 0 |4 0 |6 C1236 |7 1 |9 47595 |a Arxiu |b Arxiu |d 2016-12-01 |l 0 |o C-1-236 |p 1268 |r 2016-12-01 00:00:00 |w 2016-12-01 |y ARXIU | ||
| 999 | |c 51394 |d 51394 | ||